Responses for Show #4382 - Tuesday, September 30, 2003

Game data retrieved from an alternate archive.

Contestants

[<< previous game]

Steve Stone, a business manager from North Wildwood, New Jersey

Sibel Oyman, a research assistant from Washington, D.C.

Chuck Champagne, a vice president of finance from Cumberland, Rhode Island (whose 2-day cash winnings total $34,402)

[next game >>]

Jeopardy! Round responses

ORGANIC CHEMISTRY
MOVIE SEQUELS
FURNITURE
EUROPEAN PEAKS
MARSHMALLOW MADNESS
MISSING VOWELS
    $200 6
acid

Steve
    $200 1
The Matrix

Chuck
    $200 8
a credenza

Triple Stumper
    $200 9
Norway

Chuck
    $200 14
Lucky Charms

Sibel
    $200 22
collie

Chuck
    $400 7
bond

Sibel
    $400 2
X-Men 2

Steve
    $400 23
the leg

Steve
    $400 10
Mt. Olympus

Chuck
    $400 15
Circus Peanuts

Sibel
    $400 24
(Sibel: What is Utah?)
(Steve: What is Hawaii?)

Ohio

ChuckSibelSteve
    $600 19
hydrogen

Steve
    $600 3
Charlie's Angels

Sibel
    $600 11
the Pyrenees

Chuck
    $600 16
sweet potatoes

Steve
    $600 25
Australia

Sibel
    $800 20
dextrose

Triple Stumper
    $800 4
The Terminator

Chuck
    $800 29
[The end-of-round signal sounds.]

the Netherlands

Triple Stumper
    $800 12
(Steve: What is the Matterhorn?)

Mont Blanc

ChuckSteve
    $800 17
(Steve: What are Scooter Pies?)
(Sibel: What are Pinwheels?)

Mallomars

SibelSteve
Triple Stumper
    $800 26
Erie

Sibel
    $800 21
(Steve: [no response])

lipids

Steve
    $1000 5
Analyze That

Steve
    $1000 28
Chippendale

Chuck
    $1000 13
Bavaria

Chuck
    $1000 18
Campfire

Triple Stumper
    $1000 27
Amadeus

Steve

Scores at the first commercial break (after clue 15):

Chuck Sibel Steve
$4,000 $1,600 $800

Scores at the end of the Jeopardy! Round:

Chuck Sibel Steve
$5,600 $1,800 $1,400

Double Jeopardy! Round responses

THE REVOLUTIONARY WAR
SHOW BIZ FAMILIES
THE METROPOLITAN OPERA
THE WHICH BLAIR PROJECT
EDITH WHARTON PIECES
SOUNDS FRACTIONAL
    $400 1
Common Sense

Chuck
    $400 7
the Hudsons

Chuck
    $400 26
(Chuck: What is Carnegie Hall?)

Lincoln Center

ChuckSteve
    $400 15
Tony Blair

Steve
    $400 6
(Steve: What is Times Square?)

Washington Square

ChuckSteve
    $400 12
one-half

Chuck
    $800 2
the Appalachians

Chuck
    $800 8
The Mamas & The Papas

Chuck
    $800 27
Carmen

Sibel
    $800 16
Bonnie Blair

Chuck
    $800 13
(Chuck: Who is Hawthorne?)

Longfellow

Chuck
Triple Stumper
    $800 20
(Steve: What is second semester?)
(Chuck: What is the trimester?)

second quarter

ChuckSteve
Triple Stumper
    $1200 3
Cornwallis

Chuck
    $1200 9
Patricia & Rosanna

Chuck
    $1,000 28
Samson

Sibel
    $1200 17
Blair Brown

Steve
    $1200 14
the Legion of Honor

Triple Stumper
    $1200 21
a fifth

Triple Stumper
    $1600 4
the Bahamas

Triple Stumper
    $1600 10
Cuba Gooding, Sr.

Triple Stumper
    $1600 29
[The end-of-round signal sounds.]

Puccini

Triple Stumper
    $1600 18
Blair House

Chuck
    $600 24
(Steve: What is...?)

The Age of Innocence

Steve
    $1600 22
one-eighth

Steve
    $2000 5
(Steve: Who is the Swamp Fox?)
(Alex: Be more specific.)
(Steve: Uh...)
(Alex: We need a name.)
(Chuck: Who is Rogers?)

Francis Marion

ChuckSteve
Triple Stumper
    $2000 11
Christopher & Amanda Plummer

Steve
    $2000 19
Eric Arthur Blair

Triple Stumper
    $2000 25
Ethan Frome

Chuck
    $2000 23
tenth

Triple Stumper

Scores at the end of the Double Jeopardy! Round:

Chuck Sibel Steve
$11,600 $3,600 $3,200
(lock game)

[wagering suggestions for these scores]

Final Jeopardy! Round responses

SPORTS SPONSORSHIP
SteveWhat s Enron?
$1,000
SibelWhat is Enron?
$1,200
ChuckWhat is Enron?
$3,000
Enron

Final scores:

Chuck Sibel Steve
$14,600 $4,800 $4,200
3-day champion: $49,002 2nd place: $2,000 3rd place: $1,000

Game dynamics:

Coryat scores:

Chuck Sibel Steve
$11,600 $3,800 $4,600
21 R,
4 W
8 R
(including 1 DD),
2 W
12 R,
8 W
(including 2 DDs)

Combined Coryat: $20,000

[game clues] [game scores] [suggest correction]

Game tape date: 2003-07-29
The J! Archive is created by fans, for fans. Scraping, republication, monetization, and malicious use prohibited; this site may use cookies and collect identifying information. See terms. The Jeopardy! game show and all elements thereof, including but not limited to copyright and trademark thereto, are the property of Jeopardy Productions, Inc. and are protected under law. This website is not affiliated with, sponsored by, or operated by Jeopardy Productions, Inc. Join the discussion at JBoard.tv.